000 00791nam a2200265 a 4500
001 000023173
005 20200930022033.0
008 101129s1992 sp ac r 001 0 spa d
020 _a8420743429
040 _aDO-SdBNP
_bspa
_cBNPHU
082 _a862.62
_bG216t
100 1 _aGarcía Templado, José
_947711
245 1 3 _aEl teatro español actual /
_cJosé García Templado.
260 _aMadrid :
_bGrupo Anaya,
_c1992.
300 _a96 p. :
_bil., retrs. ;
_c19 cm.
490 1 _aBiblioteca básica
490 1 _aLiteratura
500 _aIncluye glosario de términos.
500 _aIncluye índice alfabético
650 4 _aTeatro español
_93071
650 4 _aLiteratura española
_9632
830 0 _aBiblioteca básica
_947712
830 0 _aLiteratura
_98095
049 _aBNGR
999 _c22670
_d22670